| 000 | 00558nam a2200169Ia 4500 | ||
|---|---|---|---|
| 003 | GCL | ||
| 008 | 140319s9999 xx 000 0 ara d | ||
| 040 |
_aGCL / _cGCL |
||
| 082 | 0 | 4 |
_a814 _bج ن |
| 100 | 1 | _aجورج ذكى الحاج | |
| 245 | 1 | 0 |
_aنقدات: دراسات نقدية لمنتخبات ادبية معاصرة / _cجورج ذكى الحاج |
| 260 |
_a[S.N] : _bالمؤسسة الجامعية للدراسات والنشر والتوزيع ، _c1983 |
||
| 300 | _a150 ص | ||
| 490 | _a | ||
| 650 | 0 | 4 | _aالمقالات |
| 942 |
_2ddc _cBK |
||
| 999 |
_c53257 _d53257 |
||